LA INVESTIGACION DE COMUNICACION EN MEXICO : (Registro nro. 2589)
[ vista simple ]
| 000 -LEADER | |
|---|---|
| fixed length control field | 00514nam a2200169 a 4500 |
| 001 - CONTROL NUMBER | |
| control field | 2589 |
| 005 - DATE AND TIME OF LATEST TRANSACTION | |
| control field | 20180713182549.0 |
| 008 - FIXED-LENGTH DATA ELEMENTS--GENERAL INFORMATION | |
| fixed length control field | 140415s1988 mx 000 0 spa d |
| 041 ## - LANGUAGE CODE | |
| Language code of text/sound track or separate title | spa |
| 082 ## - DEWEY DECIMAL CLASSIFICATION NUMBER | |
| Classification number | 302.23072 |
| Item number | FUE |
| 100 1# - MAIN ENTRY--PERSONAL NAME | |
| Personal name | Fuentes N., Raúl,. |
| 245 13 - TITLE STATEMENT | |
| Title | LA INVESTIGACION DE COMUNICACION EN MEXICO : |
| Remainder of title | SISTEMATIZACION DOCUMENTAL 1956-1986 |
| 250 ## - EDITION STATEMENT | |
| Edition statement | 1a ed. |
| 260 ## - PUBLICATION, DISTRIBUTION, ETC. | |
| Place of publication, distribution, etc. | MEXICO : |
| Name of publisher, distributor, etc. | EDICIONES DE COMUNICACION, |
| Date of publication, distribution, etc. | 1988 |
| 300 ## - PHYSICAL DESCRIPTION | |
| Extent | 656 |
| 650 14 - SUBJECT ADDED ENTRY--TOPICAL TERM | |
| Topical term or geographic name entry element | COMUNICACION |
| General subdivision | INVESTIGACION |
| -- | MEXICO |
| Withdrawn status | Lost status | Source of classification or shelving scheme | Damaged status | Not for loan | Collection code | Home library | Current library | Shelving location | Date acquired | Source of acquisition | Inventory number | Total Checkouts | Full call number | Barcode | Date last seen | Price effective from | Koha item type | Date last checked out |
|---|---|---|---|---|---|---|---|---|---|---|---|---|---|---|---|---|---|---|
| Dewey Decimal Classification | General | Biblioteca Karol Wojtyla | Biblioteca Karol Wojtyla | Sala general | 03/12/2013 | Compra | 151000000000000000057240 | 302.23072 FUE | 13432 | 05/01/2026 | 03/12/2013 | Libro | ||||||
| Extraviado | Dewey Decimal Classification | Biblioteca Karol Wojtyla | Biblioteca Karol Wojtyla | 03/12/2013 | Compra | 302.23072 FUE | 24211 | 03/12/2013 | Libro | |||||||||
| Extraviado | Dewey Decimal Classification | Biblioteca Karol Wojtyla | Biblioteca Karol Wojtyla | 03/12/2013 | Compra | 302.23072 FUE | 14061 | 03/12/2013 | Libro | |||||||||
| Dewey Decimal Classification | General | Biblioteca Karol Wojtyla | Biblioteca Karol Wojtyla | Sala general | 03/12/2013 | Compra | 151000000000000000057241 | 302.23072 FUE | 15051 | 05/01/2026 | 03/12/2013 | Libro | 30/11/2015 |